| Tag |
First Indicator |
Second Indicator |
Subfields |
| LEADER |
00000cam a2200000 a 4500 |
| 001 |
in00000017778 |
| 005 |
20220103134442.0 |
| 007 |
cr unu a |
| 008 |
880628s1986 xx a b 00010 eng d |
| 035 |
|
|
|9 AAB1895AM
|
| 035 |
|
|
|a (OCoLC)18146512
|
| 040 |
|
|
|a TXA
|c TXA
|d UtOrBLW
|
| 049 |
|
|
|a TXAZ [Also in] [Archives]
|c 1 [A10084037], 2 [A10084087]
|
| 099 |
|
|
|a 1986
|a Thesis
|a K75
|
| 100 |
1 |
|
|a Kobiela, Pawel Stanislaw.
|
| 245 |
1 |
0 |
|a Investigation of photoexcited parallel conduction in GaAs/AlGaAs heterostructures in the quantum limit /
|c by Pawel Stanislaw Kobiela.
|
| 264 |
|
1 |
|a [Place of publication not identified] :
|b [publisher not identified] ;
|c 1986.
|
| 300 |
|
|
|a viii, 55 leaves :
|b illustrations ;
|c 29 cm.
|
| 336 |
|
|
|a text
|b txt
|2 rdacontent
|
| 337 |
|
|
|a computer
|b c
|2 rdamedia
|
| 338 |
|
|
|a online resource
|b cr
|2 rdacarrier
|
| 500 |
|
|
|a "Major subject: Physics."
|
| 500 |
|
|
|a Typescript (photocopy).
|
| 500 |
|
|
|a Vita.
|
| 502 |
|
|
|b M.S.
|c Texas A&M University
|d 1986.
|
| 504 |
|
|
|a Bibliography: leaves 52-54.
|
| 530 |
|
|
|a Also available online.
|
| 650 |
|
0 |
|a Hall effect.
|
| 650 |
|
0 |
|a Low temperature research.
|
| 650 |
|
4 |
|a Major physics.
|
| 856 |
4 |
1 |
|u https://hdl.handle.net/1969.1/ETD-TAMU-1986-THESIS-K75
|z Link to OAKTrust copy
|t 0
|
| 999 |
|
|
|a MARS
|
| 999 |
f |
f |
|s 2089e16c-4562-3211-988d-cc0f578333b6
|i 6f79d432-f443-3528-9a11-cc36504d2a3b
|t 0
|
| 952 |
f |
f |
|p noncirc
|a Texas A&M University
|b J.J. Pickle Campus
|c High Density Repository
|s HDR
|d Remote Storage
|t 0
|e 1986 Thesis K75
|h Other scheme
|i computer -- online resource
|m A14839620559
|
| 952 |
f |
f |
|a Texas A&M University
|b College Station
|c Electronic Resources
|s www_evans
|d Available Online
|t 0
|e 1986 Thesis K75
|h Other scheme
|
| 998 |
f |
f |
|a 1986 Thesis K75
|t 0
|l Available Online
|
| 998 |
f |
f |
|a 1986 Thesis K75
|t 0
|l Remote Storage
|